Pio sexto, P. O. M. Joannes Espiscopus Ananiensis, Felicitatem. (Record no. 8772)
[ view plain ]
| 000 -CABECERA | |
|---|---|
| campo de control de longitud fija | 00452nam a2200157 a 4500 |
| 001 - NÚMERO DE CONTROL | |
| campo de control | BRCA_9124 |
| 005 - FECHA Y HORA DE LA ÚLTIMA TRANSACCIÓN | |
| campo de control | 20190320210528.0 |
| 008 - DATOS DE LONGITUD FIJA--INFORMACIÓN GENERAL | |
| campo de control de longitud fija | 051017s1793----sp-#######---#000-0#lat-# |
| 041 ## - CÓDIGO DE LENGUA | |
| Código de lengua del texto/banda sonora o título independiente | lat |
| 084 ## - OTRO NÚMERO DE CLASIFICACIÓN | |
| Número de clasificación | CO87 |
| Número de documento/Ítem | .P56 1793 |
| 245 10 - MENCIÓN DE TÍTULO | |
| Título | Pio sexto, P. O. M. Joannes Espiscopus Ananiensis, Felicitatem. |
| Mención de responsabilidad, etc. | 1793 |
| 300 ## - DESCRIPCIÓN FÍSICA | |
| Extensión | 182 p. (t.IV) |
| Dimensiones | 21.5 x 15 cm |
| 500 ## - NOTA GENERAL | |
| Nota general | Estado físico: presenta encuadernación en pergamino |
| 902 ## - CATALOGADOR | |
| Iniciales | CFM |
| 942 ## - ELEMENTOS DE PUNTO DE ACCESO ADICIONAL (KOHA) | |
| Fuente del sistema de clasificación o colocación | Library of Congress Classification |
| Tipo de ítem Koha | Libros |
| Estado de retiro | Estado de pérdida | Estado dañado | No para préstamo | Localización permanente | Ubicación/localización actual | Fecha de adquisición | Total de préstamos | Signatura topográfica completa | Código de barras | Fecha visto por última vez | Precio válido a partir de | Tipo de ítem Koha |
|---|---|---|---|---|---|---|---|---|---|---|---|---|
| El ejemplar forma parte de la colección y puede ser consultado según las políticas vigentes. | Biblioteca del Museo Franz Mayer (Rogerio Casas-Alatriste) | Biblioteca del Museo Franz Mayer (Rogerio Casas-Alatriste) | 05/10/2017 | CO87 .P56 1793 | CFM00481 | 22/03/2019 | 22/03/2019 | Libros |